Seeing the story of the Bible. (Record no. 3062)

000 -LEADER
fixed length control field 00519nam a2200181 a 4500
001 - CONTROL NUMBER
control field :::00000791$&:&@@
003 - CONTROL NUMBER IDENTIFIER
control field OkBaRHE
005 - DATE AND TIME OF LATEST TRANSACTION
control field 20120203154436.0
008 - FIXED-LENGTH DATA ELEMENTS--GENERAL INFORMATION
fixed length control field s1930 g 000 0 eng u
020 ## - INTERNATIONAL STANDARD BOOK NUMBER
International Standard Book Number 0882435817
040 ## - CATALOGING SOURCE
Transcribing agency
100 1# - MAIN ENTRY--PERSONAL NAME
Personal name Pearlman, Myer
9 (RLIN) 1979
Dates associated with a name 1898-1943.
245 10 - TITLE STATEMENT
Title Seeing the story of the Bible.
260 ## - PUBLICATION, DISTRIBUTION, ETC. (IMPRINT)
Place of publication, distribution, etc Springfield, MO.,
Name of publisher, distributor, etc Gospel Publishing House
Date of publication, distribution, etc 1930
300 ## - PHYSICAL DESCRIPTION
Extent 123 p. : illus. ;
Dimensions 19 cm.
650 ## - SUBJECT ADDED ENTRY--TOPICAL TERM
9 (RLIN) 127
Topical term or geographic name as entry element Bible
General subdivision Criticism, interpretation, ect.
942 ## - ADDED ENTRY ELEMENTS (KOHA)
Source of classification or shelving scheme
Koha item type Books
Copies
Full call number Withdrawn status Damaged status Barcode Date last seen Shelving location Price effective from Not for loan Date acquired Koha item type Source of classification or shelving scheme Current Location Lost status Permanent Location Copy number
BS 538 .P35  7912010-04-14General Stacks2010-04-14 2010-04-14Books RHEMA Bible Training College RHEMA Bible Training College1
BS 538 .P35  7922010-04-14General Stacks2010-04-14 2010-04-14Books RHEMA Bible Training College RHEMA Bible Training College2
BS 538 .P35  166762010-04-14General Stacks2010-04-14 2010-04-14Books RHEMA Bible Training College RHEMA Bible Training College3
BS 538 .P35  166772010-04-14General Stacks2010-04-14 2010-04-14Books RHEMA Bible Training College RHEMA Bible Training College4
BS 538 .P35  167302010-04-14General Stacks2010-04-14 2010-04-14Books RHEMA Bible Training College RHEMA Bible Training College5
BS 538 .P35  195842010-04-14General Stacks2010-04-14 2010-04-14Books RHEMA Bible Training College RHEMA Bible Training College6
BS 538 .P35  000211462011-01-14General Stacks2010-05-18 2010-05-18Books RHEMA Bible Training College RHEMA Bible Training College7
BS 538 .P35  220272011-09-08General Stacks2011-09-08 2011-09-08Books RHEMA Bible Training College RHEMA Bible Training College8